[Event "Wch Seniors 65 29th"]
[Site "Bucharest"]
[Date "2019.11.21"]
[Round "9"]
[White "Zilbershtein, Victor"]
[Black "Stojkovic, Andreja"]
[Result "0-1"]
[WhiteElo "1745"]
[BlackElo "1951"]
[PlyCount "53"]
[EventDate "2019.11.12"]
[EventType "swiss"]
[EventRounds "11"]
[EventCountry "ROU"]
[SourceTitle "CBM 193 Extra"]
[Source "ChessBase"]
[SourceDate "2020.01.31"]
[SourceVersion "1"]
[SourceVersionDate "2020.01.31"]
[SourceQuality "1"]

1. d4 d5 2. Nf3 Nf6 3. e3 c6 4. Bd3 Bg4 5. h3 Bh5 6. g4 Bg6 7. Ne5 Nbd7 8. Nd2 Qa5 9. c3 Nxe5 10. dxe5 Bxd3 11. exf6 exf6 12. Nb3 Qa6 13. Bd2 Bd6 14. Rg1 g6 15. Nc1 h5 16. Nxd3 Qxd3 17. Qe2 Qe4 18. 0-0-0 hxg4 19. hxg4 Rh2 20. Be1 Bc5 21. Rg3 0-0-0 22. Qf3 Qe6 23. Kb1 Rdh8 24. Bd2 Bd6 25. Rgg1 R8h3 26. Qe2 Qe4+ 27. Kc1 0-1

[Event "Wch Seniors 65 29th"]
[Site "Bucharest"]
[Date "2019.11.16"]
[Round "5"]
[White "Dumitrica, Neculai"]
[Black "Zilbershtein, Victor"]
[Result "1/2-1/2"]
[WhiteElo "1310"]
[BlackElo "1745"]
[PlyCount "79"]
[EventDate "2019.11.12"]
[EventType "swiss"]
[EventRounds "11"]
[EventCountry "ROU"]
[SourceTitle "CBM 193 Extra"]
[Source "ChessBase"]
[SourceDate "2020.01.31"]
[SourceVersion "1"]
[SourceVersionDate "2020.01.31"]
[SourceQuality "1"]

1. d4 g6 2. e4 Bg7 3. Nf3 d6 4. Be2 Nf6 5. Nc3 0-0 6. 0-0 Bg4 7. h3 Bxf3 8. Bxf3 c6 9. Be3 Nbd7 10. Qd2 Ne8 11. Ne2 e5 12. d5 f5 13. exf5 gxf5 14. Bh6 e4 15. Bh5 Qe7 16. Bxe8 Raxe8 17. dxc6 bxc6 18. Bxg7 Kxg7 19. Nd4 Qf6 20. Nxc6 Rc8 21. Nb4 Ne5 22. b3 Qg6 23. Qf4 Kh8 24. Kh1 Rg8 25. g3 Qh5 26. Kg2 Qf7 27. Rad1 a5 28. Nd5 Rcd8 29. Ne3 Rgf8 30. Nd5 Rfe8 31. a4 Re6 32. Rd4 Rg8 33. Rfd1 Ng6 34. Qd2 f4 35. Qc3 f3+ 36. Kh2 Qf5 37. Rxe4+ Ne5 38. Rf4 Qh5 39. Rd3 Qg6 40. Rdxf3 1/2-1/2

[Event "Netanya op"]
[Site "Netanya"]
[Date "2019.06.27"]
[Round "5"]
[White "Segev, Ido"]
[Black "Zilbershtein, Victor"]
[Result "0-1"]
[WhiteElo "1382"]
[BlackElo "1772"]
[PlyCount "76"]
[EventDate "2019.06.23"]
[EventType "swiss"]
[EventRounds "9"]
[EventCountry "ISR"]
[SourceTitle "CBM 191 Extra"]
[Source "ChessBase"]
[SourceDate "2019.09.30"]
[SourceVersion "1"]
[SourceVersionDate "2019.09.30"]
[SourceQuality "1"]

1. d4 Nf6 2. c4 c5 3. Nf3 cxd4 4. Nxd4 g6 5. Nc3 Bg7 6. g3 0-0 7. Bg2 Nc6 8. e3 a6 9. 0-0 Ne5 10. b3 d6 11. h3 Rb8 12. f4 Ned7 13. Ba3 Qa5 14. Qc1 Qc7 15. f5 Ne5 16. fxg6 hxg6 17. Nf3 Nh5 18. Qe1 Qa5 19. Bb2 Nd3 20. Qd2 Nxb2 21. Nd5 Qxd2 22. Nxd2 Re8 23. g4 Nf6 24. Nb6 Nd3 25. Nxc8 Rexc8 26. Rad1 Nc5 27. b4 Ne6 28. Bd5 Nc7 29. Bg2 b5 30. cxb5 Nxb5 31. g5 Nd7 32. Rf2 Ne5 33. Nf3 Nxf3+ 34. Rxf3 Nc3 35. Rdf1 f5 36. gxf6 Bxf6 37. Rg3 Kh7 38. h4 Ne2+ 0-1

[Event "Wch Seniors 65 28th"]
[Site "Bled"]
[Date "2018.11.22"]
[Round "5"]
[White "Bergen, Klaus"]
[Black "Zilbershtein, Victor"]
[Result "0-1"]
[WhiteElo "1858"]
[BlackElo "1717"]
[PlyCount "98"]
[EventDate "2018.11.18"]
[EventType "swiss"]
[EventRounds "11"]
[EventCountry "SLO"]
[SourceTitle "CBM 187 Extra"]
[Source "ChessBase"]
[SourceDate "2018.11.04"]
[SourceVersion "1"]
[SourceVersionDate "2018.11.04"]
[SourceQuality "1"]

1. e4 g6 2. d4 Bg7 3. Nc3 d6 4. f4 Nd7 5. Nf3 Nh6 6. Bd3 c5 7. d5 0-0 8. 0-0 Nb6 9. h3 Kh8 10. a4 f5 11. a5 c4 12. Be2 Nd7 13. e5 Qc7 14. Be3 dxe5 15. Nb5 Qd8 16. fxe5 f4 17. Bd4 Nf5 18. Bxc4 a6 19. Nc3 Qc7 20. Bb3 Nxd4 21. Qxd4 Nxe5 22. Nxe5 Bxe5 23. Qd3 Bf5 24. Qf3 Qc5+ 25. Kh1 Rab8 26. Ne4 Bxe4 27. Qxe4 Bxb2 28. Rae1 Bf6 29. Rxf4 Qxa5 30. Ref1 Qc7 31. Qe6 Kg7 32. Bc4 Qd6 33. Qe4 b5 34. Bd3 Be5 35. R4f3 Rf6 36. Rxf6 Bxf6 37. c4 b4 38. Rc1 Qc5 39. Rf1 a5 40. Rf3 b3 41. Rg3 Qd4 42. Rxg6+ hxg6 43. Qxg6+ Kf8 44. Bf5 Qd1+ 45. Kh2 Be5+ 46. g3 Qe2+ 47. Kh1 Qf1+ 48. Kh2 Qf2+ 49. Kh1 Qxg3 0-1

[Event "Wch Seniors 65 28th"]
[Site "Bled"]
[Date "2018.11.20"]
[Round "3"]
[White "Batakovs, Olegs N"]
[Black "Zilbershtein, Victor"]
[Result "1-0"]
[WhiteElo "1945"]
[BlackElo "1717"]
[PlyCount "65"]
[EventDate "2018.11.18"]
[EventType "swiss"]
[EventRounds "11"]
[EventCountry "SLO"]
[SourceTitle "CBM 187 Extra"]
[Source "ChessBase"]
[SourceDate "2018.11.04"]
[SourceVersion "1"]
[SourceVersionDate "2018.11.04"]
[SourceQuality "1"]

1. e4 d6 2. d4 Nd7 3. Nf3 e6 4. Nc3 b6 5. Bd3 Bb7 6. 0-0 Be7 7. a4 Ngf6 8. Qe2 0-0 9. h3 h6 10. Bf4 Nh7 11. Bg3 Kh8 12. a5 Rb8 13. a6 Bc8 14. Nb5 Ra8 15. Ra2 f5 16. exf5 exf5 17. Nxc7 Qxc7 18. Qxe7 f4 19. Qe4 Nhf6 20. Qxf4 Qd8 21. Qxd6 Qe8 22. Qc6 Qf7 23. c4 Nc5 24. Ne5 Qe8 25. Qxa8 Nxd3 26. Nxd3 Qg6 27. Ne5 Qf5 28. Qf3 Qh7 29. Qe3 Bf5 30. Raa1 h5 31. Bh4 Be4 32. b3 g5 33. Bxg5 1-0

[Event "Chigorin Memorial 22nd"]
[Site "St Petersburg"]
[Date "2014.10.23"]
[Round "6"]
[White "Zilbershtein, Victor"]
[Black "Yakovlev, Alexander"]
[Result "1-0"]
[WhiteElo "1814"]
[BlackElo "2156"]
[PlyCount "58"]
[EventDate "2014.10.18"]
[EventType "swiss"]
[EventRounds "9"]
[EventCountry "RUS"]
[SourceTitle "EXT 2015"]
[Source "ChessBase"]
[SourceDate "2014.11.20"]
[SourceVersion "1"]
[SourceVersionDate "2014.11.20"]
[SourceQuality "1"]

1. d4 Nf6 2. Nf3 Ne4 3. c4 e6 4. Qc2 Bb4+ 5. Nc3 d5 6. a3 Bxc3+ 7. bxc3 0-0 8. e3 Nd7 9. Bd3 f5 10. cxd5 exd5 11. 0-0 Qf6 12. c4 c6 13. Bb2 Qh6 14. Rae1 Rf6 15. Ne5 Nxe5 16. dxe5 Rg6 17. f4 Qh4 18. Bxe4 fxe4 19. f5 Bxf5 20. Rf2 Bh3 21. Ref1 Qg5 22. Kh1 Bg4 23. Bd4 h5 24. cxd5 cxd5 25. Qb3 Be6 26. Qxb7 Rc8 27. Qxa7 h4 28. Qa5 Kh7 29. Qd2 Bg4 1-0

[Event "Chigorin Memorial 22nd"]
[Site "St Petersburg"]
[Date "2014.10.22"]
[Round "5"]
[White "Kopasov, Evgeny Aleksandrovi"]
[Black "Zilbershtein, Victor"]
[Result "1-0"]
[WhiteElo "1997"]
[BlackElo "1814"]
[PlyCount "63"]
[EventDate "2014.10.18"]
[EventType "swiss"]
[EventRounds "9"]
[EventCountry "RUS"]
[SourceTitle "EXT 2015"]
[Source "ChessBase"]
[SourceDate "2014.11.20"]
[SourceVersion "1"]
[SourceVersionDate "2014.11.20"]
[SourceQuality "1"]

1. d4 Nf6 2. Bf4 d6 3. e3 g6 4. Nf3 Bg7 5. Nbd2 0-0 6. h3 Nbd7 7. c3 Re8 8. e4 c5 9. Qc2 cxd4 10. cxd4 Nb6 11. Bd3 Bd7 12. 0-0 Rc8 13. Qb3 h6 14. Rfc1 Be6 15. Qa3 a6 16. Qb4 g5 17. Be3 Rxc1+ 18. Rxc1 d5 19. e5 Nfd7 20. Nf1 g4 21. hxg4 Bxg4 22. N3h2 Be6 23. Qd2 Nc4 24. Bxc4 dxc4 25. Bxh6 Bxh6 26. Qxh6 Nf8 27. Rc3 Ng6 28. Rg3 Bf5 29. Ne3 Bd3 30. Nf3 e6 31. Ng5 Re7 32. Nh7 1-0

[Event "Chigorin Memorial 22nd"]
[Site "St Petersburg"]
[Date "2014.10.21"]
[Round "4"]
[White "Zilbershtein, Victor"]
[Black "Akhmetshin, Aydar"]
[Result "1-0"]
[WhiteElo "1814"]
[BlackElo "1609"]
[PlyCount "71"]
[EventDate "2014.10.18"]
[EventType "swiss"]
[EventRounds "9"]
[EventCountry "RUS"]
[SourceTitle "EXT 2015"]
[Source "ChessBase"]
[SourceDate "2014.11.20"]
[SourceVersion "1"]
[SourceVersionDate "2014.11.20"]
[SourceQuality "1"]

1. d4 Nf6 2. Nf3 c5 3. d5 g6 4. c4 b5 5. cxb5 a6 6. b6 d6 7. Qb3 Bb7 8. e4 Nbd7 9. Nc3 Bg7 10. Bd3 Nxb6 11. 0-0 Qc7 12. Nd2 0-0 13. a4 Rab8 14. Qa2 Rfe8 15. a5 Nbd7 16. Nc4 Kh8 17. h3 Ba8 18. Na4 Rbd8 19. Nab6 Bb7 20. Bd2 e6 21. Bg5 Rb8 22. dxe6 Rxe6 23. f3 d5 24. exd5 Nxd5 25. Bd2 N7xb6 26. axb6 Nxb6 27. Nxb6 Qxb6 28. Bc4 Rd6 29. Bf4 Rbd8 30. Bxd6 Rxd6 31. Rad1 Bd4+ 32. Kh1 f5 33. b3 g5 34. Qe2 Rg6 35. Qe8+ Rg8 36. Qxg8# 1-0

[Event "Wch Seniors 23rd"]
[Site "Opatija"]
[Date "2013.11.20"]
[Round "8"]
[White "Zilbershtein, Victor"]
[Black "Bianco Diaz, Rogelio Jose"]
[Result "0-1"]
[WhiteElo "1780"]
[BlackElo "1891"]
[PlyCount "24"]
[EventDate "2013.11.12"]
[EventType "swiss"]
[EventRounds "11"]
[EventCountry "CRO"]
[SourceTitle "CBM 157 Extra"]
[Source "ChessBase"]
[SourceDate "2013.12.19"]
[SourceVersion "1"]
[SourceVersionDate "2013.12.19"]
[SourceQuality "1"]

1. b3 d6 2. Bb2 Nc6 3. f4 d5 4. Nf3 Bg4 5. h3 Bxf3 6. exf3 e6 7. a3 a6 8. Bd3 Nf6 9. Qe2 Be7 10. 0-0 0-0 11. b4 Qd7 12. Be5 Rad8 0-1

[Event "EU-ch Seniors 12th"]
[Site "Kaunas"]
[Date "2012.08.24"]
[Round "7"]
[White "Pintauro, Tonino"]
[Black "Zilbershtein, Victor"]
[Result "1/2-1/2"]
[WhiteElo "1609"]
[BlackElo "1836"]
[PlyCount "39"]
[EventDate "2012.08.18"]
[EventType "swiss"]
[EventRounds "9"]
[EventCountry "LTU"]
[SourceTitle "CBM 150 Extra"]
[Source "ChessBase"]
[SourceDate "2012.10.19"]
[SourceVersion "1"]
[SourceVersionDate "2012.10.19"]
[SourceQuality "1"]

1. d4 Nf6 2. c4 c5 3. e3 cxd4 4. exd4 d5 5. c5 Qc7 6. Nc3 a6 7. Nf3 Nc6 8. Be2 g6 9. h3 Bg7 10. 0-0 0-0 11. Be3 e6 12. a3 Nd7 13. Qd2 b6 14. b4 bxc5 15. bxc5 Rd8 16. Rab1 Ne7 17. Na4 e5 18. Nb6 Rb8 19. Rfc1 Bb7 20. Qa5 1/2-1/2

[Event "EU-ch Seniors 12th"]
[Site "Kaunas"]
[Date "2012.08.22"]
[Round "5"]
[White "Auvinen, Esa"]
[Black "Zilbershtein, Victor"]
[Result "1-0"]
[WhiteElo "1958"]
[BlackElo "1836"]
[PlyCount "137"]
[EventDate "2012.08.18"]
[EventType "swiss"]
[EventRounds "9"]
[EventCountry "LTU"]
[SourceTitle "CBM 150 Extra"]
[Source "ChessBase"]
[SourceDate "2012.10.19"]
[SourceVersion "1"]
[SourceVersionDate "2012.10.19"]
[SourceQuality "1"]

1. e4 e6 2. d4 d5 3. Nc3 Bb4 4. e5 c5 5. a3 Bxc3+ 6. bxc3 Qc7 7. Nf3 Nc6 8. Be2 Nge7 9. 0-0 Bd7 10. a4 b6 11. Ba3 Na5 12. Bb2 Bc6 13. Nd2 c4 14. Ba3 Nb7 15. f4 Nf5 16. Rf3 Qd7 17. g4 Nh6 18. Rf2 0-0-0 19. Nf1 f5 20. Ne3 g6 21. h3 Bxa4 22. Bb4 a5 23. Ba3 Bc6 24. Rg2 Rdg8 25. Qe1 Qd8 26. Bf3 b5 27. Rb1 Nf7 28. Kh2 Qd7 29. Qh4 g5 30. fxg5 Nxg5 31. Qg3 Nxf3+ 32. Qxf3 Rg5 33. gxf5 Rxg2+ 34. Kxg2 Rg8+ 35. Kh2 Qf7 36. Rg1 Rxg1 37. Kxg1 exf5 38. Qxf5+ Qxf5 39. Nxf5 Kd7 40. Kf2 Ke6 41. Ng7+ Kf7 42. Nh5 Nd8 43. Nf6 h6 44. Kg3 Kg6 45. Kg4 Bb7 46. h4 Bc8+ 47. Kg3 Be6 48. Ne8 Bd7 49. Nc7 h5 50. Nxd5 Nc6 51. Nf4+ Kf5 52. e6 Bxe6 53. d5 b4 54. cxb4 axb4 55. Bc1 Bd7 56. dxc6 Bxc6 57. Nxh5 c3 58. Nf4 Be4 59. Ng2 Bxc2 60. Ne3+ Ke4 61. Nxc2 b3 62. Na3 Kf5 63. Nc4 Kg6 64. Kg4 Kf7 65. Kf5 Kg7 66. h5 Kh7 67. Kg5 Kg7 68. h6+ Kh7 69. Kh5 1-0

[Event "EU-ch Seniors 12th"]
[Site "Kaunas"]
[Date "2012.08.21"]
[Round "4"]
[White "Zilbershtein, Victor"]
[Black "Levin, Evgeny"]
[Result "1/2-1/2"]
[WhiteElo "1836"]
[BlackElo "1982"]
[PlyCount "43"]
[EventDate "2012.08.18"]
[EventType "swiss"]
[EventRounds "9"]
[EventCountry "LTU"]
[SourceTitle "CBM 150 Extra"]
[Source "ChessBase"]
[SourceDate "2012.10.19"]
[SourceVersion "1"]
[SourceVersionDate "2012.10.19"]
[SourceQuality "1"]

1. e4 e6 2. d4 c5 3. d5 exd5 4. exd5 d6 5. c4 Bf5 6. Be2 Nf6 7. Nf3 h6 8. 0-0 Be7 9. Nc3 Nbd7 10. Bd3 Bg4 11. h3 Bxf3 12. Qxf3 Ne5 13. Qe2 Nxd3 14. Qxd3 0-0 15. a3 Re8 16. Re1 Qd7 17. Bd2 Bf8 18. Rxe8 Rxe8 19. Re1 g6 20. Rxe8 Qxe8 21. Qe3 Qd7 22. Ne4 1/2-1/2